| 000 | 00750cam a22002171 4500 | ||
|---|---|---|---|
| 001 | agr24000746 | ||
| 003 | DLC | ||
| 005 | 20260227110944.0 | ||
| 008 | 790424s1924 dcuabf f001 0 eng | ||
| 010 | _aagr24000746 | ||
| 035 | _a(OCoLC)4892906 | ||
| 040 |
_aDLC _cWyU _dOCoLC _dISS _dDLC |
||
| 050 | 0 | 0 |
_aQL115 _b.A4 no. 47 |
| 086 | 0 | _aI 49.30:47 | |
| 100 | 1 |
_aHowell, Arthur H. _q(Arthur Holmes), _d1872-1940. |
|
| 245 | 0 | 0 |
_aRevision of the American pikas _b(genus Ochotona) _cBy Arthur H. Howell. |
| 260 |
_aWashington, _bGovt. print. off., _c1924. |
||
| 300 |
_aiv, 57, [1] p. _billus. (maps) VI pl. (incl. front) on 4 l. _c24cm. |
||
| 490 | 0 | _aU.S. Dept. of agriculture. Bureau of biological survey. North American fauna no. 47 | |
| 650 | 0 | _aPikas. | |
| 999 |
_c8910 _d8910 |
||